000 01891nam a2200193 i 4500
001 172330
003 ES-MaACL
005 20230929062539.0
008 090625s1870 sp |||| | spa d
080 _a821.134.2
080 _a811.134.2
110 2 _aReal Academia Española
_96336
245 1 0 _aMemorias de la Real Academia Española,
_f1870 /
_cReal Academia Española.
260 _aMadrid :
_b[s.n.],
_c1870 (
_fImp. M. Ribedeneyra)
300 _a1 v. ;
_c25 cm.
505 8 _aContiene: Reseña histórica de la Academia Española / Marqués de Molins (128 p.). Reseña necrológica de D. Mateo Seoane / Pedro Felipe Monlau (p. 129- 143). Que el estudio profundo y detenido de las lenguas extranjeras lejos de contribuir al deterioro de la propia sirve para conocerla mejor y manejarla con mas acierto / Antonio Alcalá Galiano (p. 144-174). La canción a las ruinas de Itálica, no es de Francisco de Rioja / Aureliano Fernández-Guerra y Orbe (p.175-217). Sobre los trabajos literarios de la Academia Española / Marqués de Molins (p. 218-249). La libertad en las artes / Antonio Cánovas del Castillo (p. 250-327). Contestación / Juan Valera (p. 328-351). Discurso de D. Nicasio Álvarez Cienfuegos al entrar en la Academia (p. 352-367). El drama religioso español antes y después de Lope de Vega / Manuel Cañete (p. 368-412). Necrología de D. Antonio Gil de Zárate / Antonio Ferrer del Río (p. 413-421). Del arcaísmo y el neologismo / Pedro Felipe Monlau (p. 422-546). Armonía, gravedad y abundancia del idioma castellano / Ramón Cabrera (p. 547-555). Elogio fúnebre de D. Francisco Martínez de la Rosa / Tomás Rodríguez Rubí (p. 556-581). Breves frases a la memoria de D. Agustín Durán / Francisco Cutanda (p. 582-590). Memoria necrológica de D. Pedro José Pidal / Eugenio de Ochoa (p. 591-635).
852 _aES-MaACL
_jK-159
999 _c172330
_d172330